01020nab a22002177a 4500999001500000003000400015005001700019008004100036040000700077100003300084245010500117300001500222500003800237505025000275505007200525650002800597650003300625650002300658773010800681942001300789 c6265d6265OSt20260128020304.0190514b xxu||||| |||| 00| 0 spa d cPJ 94335aLlugdar, Hugo Andrés10aDe la autonomía progresiva a la bancarización bursátil de la adolescencia /cHugo A. Llugdar.  ap. 170-178 aCita: TR LALEY AR/DOC/2509/2025.  aSumario: I. Introducción.— II. Capacidad jurídica de ejercicio de los adolescentes.— III. La autonomía progresiva y los derechos patrimoniales.— IV. Los niños al mundo financiero.— V. ¿Y el Cód. Civ. y Com.?— VI. Corolario.  tSi te interesa el texto, comunicate a koha@justierradelfuego.gov.ar 09967aDERECHO DE FAMILIA 094691aAUTONOMÍA PROGRESIVA 095662aADOLESCENTES0 0284493222dBuenos Aires : AbeledoPerrot, 1989-tDerecho de familia. N° 122 - Noviembre 2025z18511201 2udccANA